Trouve le rappeur en fonction de la musique #1 - Statistiques

Statistiques générales
  • Ce quiz a été pris 358 fois
  • Le résultat moyen est 22 sur 52
Statistiques - réponses
Hint Réponse % Correct
Au bord de la mer Jul
91%
911 Damso
84%
6.3 Naps
83%
Désaccordé Vald
80%
Pour nous Ninho
77%
Mwaka moon Kalash
74%
Mignon tout plein PLK
74%
Afro trap pt. 3 MHD
73%
Rappel Gazo
72%
Macaroni Leto
71%
Se-vrak Kaaris
67%
Uranus PNL
66%
Fixette Ziak
66%
Galatée Nekfeu
63%
Anarchie SCH
63%
Rihanna SDM
61%
Petrouchka Soso Maness
60%
Je t'aime de ouf Wejdene
58%
H&M Niska
57%
Billet verts Maes
56%
khapta Heuss l'enfoiré
55%
Avec toi OBOY
45%
Mode avion Favé
44%
Ailleurs Josman
40%
Babylone Nepal
39%
Carton rouge Lorenzo
37%
bienvenue a la banane Moha la squale
37%
Mauvais payeur La Feve
36%
Brisé GIMS
34%
3x filtré Werenoi
34%
Ancelotti Freeze corleone
33%
Rockstar RK
31%
Pas bête Beendo Z
26%
Un million par mois Djadja & Dinaz
26%
Coeur abimé UZI
26%
D'or et de platine Gradur
25%
Soirée des cités Da UZI
24%
Stupéfiant et noir Alpha Wann
23%
Alicante Gambino
23%
Carré vip Kalash criminel
21%
Siri 4 ICO
20%
Dans tes yeux Kaza
18%
Jacques Chirac Lacrim
18%
Maghrébin Hornet la frappe
17%
fais un voeu Menace santana
14%
under armour ZKR
14%
Rose rouge Rim'K
13%
Beethoven Luv resval
9%
les doigts en l'air Sasso
4%
La R Fresh la douille
3%
l'heure du crime Lallemand
3%
La serrure SKG
0%
Aucun quiz correspondant
Distribution des résultats
% des personnes avec chaque résultat
Percentile par nombre de réponses
Votre historique - résultats
Vous n’avez pas pris ce quiz